00263nam a2200109Ia 4500008004100000100002400041245003900065250000800104260002400112300000900136650000800145191201s2013 xx 000 0 und d aFOROUZAN, Behrouz A 0aData Communications and Networking aRep c2013bTMHaN. delhi a1226 aCSE